000 00831cab a22001815a 4500
001 L146680
008 090216e2009 xxkad f s 000 0 eng d
035 _a(Sirsi) u146680
041 0 _aeng
245 0 0 _aListed sector
260 _c2009
490 0 _aAsia Property
_vFebruary 2009, 19-25(7)
520 _aArgues that property companies across Asia will feel the pressure of the downturn well into 2009, as consumers, tenants and potential home buyers cut spending, and China's economy (the region's motor) slows down. Reports that China's government has made the launch of REITS a priority as part of its efforts to stimulate the property sector, but product development may take years. Tables.
590 _aKA
651 4 _aAsia Pacific
690 _aPROPERTY-COMMERCIAL PROPERTY-COMMERCIAL PROPERTY MARKET
942 _n0
999 _c81241
_d81241